| 000 | 01103pam a2200301 a 4500 | ||
|---|---|---|---|
| 999 |
_c1821 _d1821 |
||
| 001 | 3383562 | ||
| 003 | OSt | ||
| 005 | 20191126131117.0 | ||
| 008 | 880728s1989 nyu b 001 0 eng | ||
| 010 | _a 88025156 | ||
| 020 | _a0195055926 (alk. paper) | ||
| 040 |
_aDLC _cDLC _dDLC |
||
| 043 | _ad------ | ||
| 050 | 0 | 0 |
_aHV640.4.D44 _bZ65 1989 |
| 082 | 0 | 0 |
_a305.906914 ZOL 1989 _219 |
| 100 | 1 |
_aZolberg, Aristide R.; Aguayo, Sergio; Suhrke, Astri. _94792 |
|
| 245 | 1 | 0 |
_aEscape From Violence : _bconflict and the refugee crisis in the developing world |
| 260 |
_aNew York : _bOxford University Press, _c1989. |
||
| 300 |
_axiii, 380 p. ; _c24 cm. |
||
| 500 | _aIncludes index. | ||
| 504 | _aIncludes bibliographical references (p. 283-357). | ||
| 650 | 0 |
_aRefugees _94317 |
|
| 650 | 0 |
_aconflicts & relief _94793 |
|
| 856 | 4 | 2 |
_3Publisher description _uhttp://www.loc.gov/catdir/enhancements/fy0603/88025156-d.html |
| 906 |
_a7 _bcbc _corignew _d1 _eocip _f19 _gy-gencatlg |
||
| 942 |
_2ddc _cSLOAN |
||